00875nam a2200181 a 450000100100000000500170001000800410002704000250006811100890009324500540018226000750023630000200031104900090033195201200034095201050046095201110056599900170067600002683320200930030434.0110325s1955 dr 000 0 spa d aDO-SdBNPbspacBNPHU2 aFeria de la Paz y Confraternidad del Mundo Libre.d(1955 :cCiudad Trujillo )95395210aFeria de la Paz y Confraternidad del Mundo Libre. aCiudad Trujillo, República Dominicana :bEditora del Caribe.,c1955. a57 p. ;c23 cm. aBNPD 001054708DSaGRbGRcCTd2011-04-28iLF1l0o p26833-30r2020-06-25te. 3w2020-06-25yLFDSZPréstamo en sala 0010718PDaPDbPDcCTd2011-03-25iLF1l0o p26833-10r2020-06-25w2020-06-25yLFPDZNo se presta 0010718PDaPDbPDcCTd2011-04-27iLF1l0o p26833-20r2020-06-25te. 2w2020-06-25yLFPDZNo se presta c26325d26325